Флуориметрическое определение бактериологических показателей качества природных вод; Химия и химическая технология в XXI веке; Т. 1

Detalhes bibliográficos
Parent link:Химия и химическая технология в XXI веке: материалы XVI Международной научно-практической конференции студентов и молодых ученых, посвященной 115-летию со дня рождения профессора Л. П. Кулёва, Томск, 25-29 мая 2015 г./ Национальный исследовательский Томский политехнический университет (ТПУ) ; Институт природных ресурсов (ИПР) ; Институт физики высоких технологий (ИФВТ) ; Физико-технический институт (ФТИ) ; Российский фонд фундаментальных исследований (РФФИ).— , 2015
Т. 1.— 2015.— [С. 193-195]
Autor principal: Булычева Е. В. Елизавета Владимировна
Autor Corporativo: Национальный исследовательский Томский политехнический университет (ТПУ) Институт природных ресурсов (ИПР) Кафедра физической и аналитической химии (ФАХ)
Outros Autores: Воронова О. А. Олеся Александровна (научный руководитель), Тимофеева Е. В. Елена Викторовна, Короткова Е. И. Елена Ивановна
Resumo:Заглавие с титульного экрана
Idioma:russo
Publicado em: 2015
coleção:Теоретические и прикладные аспекты физической и аналитической химии
Assuntos:
Acesso em linha:http://earchive.tpu.ru/handle/11683/19667
http://www.lib.tpu.ru/fulltext/c/2015/C27/V1/090.pdf
Formato: Recurso Eletrônico Capítulo de Livro
KOHA link:https://koha.lib.tpu.ru/cgi-bin/koha/opac-detail.pl?biblionumber=613139

MARC

LEADER 00000naa2a2200000 4500
001 613139
005 20240118101244.0
035 |a (RuTPU)RU\TPU\conf\11270 
035 |a RU\TPU\conf\11268 
090 |a 613139 
100 |a 20150707d2015 k y0rusy50 ca 
101 0 |a rus 
102 |a RU 
105 |a y z 101zy 
135 |a drcn ---uucaa 
181 0 |a i  
182 0 |a b 
200 1 |a Флуориметрическое определение бактериологических показателей качества природных вод  |f Е. В. Булычева, О. А. Воронова, Е. В. Тимофеева  |g науч. рук. Е. И. Короткова 
203 |a Текст  |c электронный 
225 1 |a Теоретические и прикладные аспекты физической и аналитической химии 
300 |a Заглавие с титульного экрана 
320 |a [Библиогр.: с. 195 (3 назв.)] 
337 |a Adobe Reader 
461 1 |0 (RuTPU)RU\TPU\conf\10702  |t Химия и химическая технология в XXI веке  |o материалы XVI Международной научно-практической конференции студентов и молодых ученых, посвященной 115-летию со дня рождения профессора Л. П. Кулёва, Томск, 25-29 мая 2015 г.  |o в 2 т.  |f Национальный исследовательский Томский политехнический университет (ТПУ) ; Институт природных ресурсов (ИПР) ; Институт физики высоких технологий (ИФВТ) ; Физико-технический институт (ФТИ) ; Российский фонд фундаментальных исследований (РФФИ)  |d 2015 
463 1 |0 (RuTPU)RU\TPU\conf\10704  |t Т. 1  |v [С. 193-195]  |d 2015 
610 1 |a труды учёных ТПУ 
610 1 |a электронный ресурс 
610 1 |a флуориметрия 
610 1 |a бактериологические показатели 
610 1 |a природные воды 
610 1 |a загрязнение 
610 1 |a микроорганизмы 
700 1 |a Булычева  |b Е. В.  |c химик  |c инженер Томского политехнического университета, аспирант  |f 1989-  |g Елизавета Владимировна  |3 (RuTPU)RU\TPU\pers\30481 
701 1 |a Воронова  |b О. А.  |c химик  |c ассистент Томского политехнического университета, кандидат химических наук  |f 1979-  |g Олеся Александровна  |3 (RuTPU)RU\TPU\pers\29232  |9 13834 
701 1 |a Тимофеева  |b Е. В.  |g Елена Викторовна 
702 1 |a Короткова  |b Е. И.  |c химик  |c профессор Томского политехнического университета, доктор химических наук  |f 1965-  |g Елена Ивановна  |4 727 
712 0 2 |a Национальный исследовательский Томский политехнический университет (ТПУ)  |b Институт природных ресурсов (ИПР)  |b Кафедра физической и аналитической химии (ФАХ)  |3 (RuTPU)RU\TPU\col\18656 
801 2 |a RU  |b 63413507  |c 20210204  |g RCR 
856 4 |u http://earchive.tpu.ru/handle/11683/19667 
856 4 |u http://www.lib.tpu.ru/fulltext/c/2015/C27/V1/090.pdf 
942 |c BK